[Event "Challenge"]
[Site "http://www.queenalice.com/game.php?id=1479455"]
[Date "2017.5.23"]
[Round "-"]
[White "Jomaley"]
[Black "sigfrido"]
[Result "1-0"]
[WhiteElo "1466"]
[BlackElo "1404"]

1. Nf3 f6 2. e4 d6 3. d3 Bg4 4. Nc3 c6 5. h3 Bxf3 6. Qxf3 b5 7. b4 a5 8. bxa5
Qxa5 9. Bd2 g6 10. Be2 Bg7 11. g4 b4 12. Nb1 Nd7 13. a3 Qe5 14. Bxb4 Qxa1 15.
O-O Qb2 16. g5 fxg5 17. Nc3 Bxc3 18. Bxc3 Qxa3 19. Bxh8 Ne5 20. Bxe5 dxe5 21.
Qg4 h6 22. h4 Nf6 23. Qg3 Qb2 24. hxg5 Ra1 25. gxf6 g5 26. Bh5+ Kf8 27. fxe7+
Kxe7 28. Qf3 Kd6 29. Qf6+ Kc7 30. Qg7+ Kb6 31. Rxa1 Qxa1+ 32. Kg2 Qb2 33. Qxh6
Qxc2 34. Qxg5 Qc3 35. Be2 Qe1 36. Bg4 Qa5 37. Qd8+ Ka6 38. Bc8+ Kb5 39. Qxa5+
Kxa5 40. Kg3 Kb6 41. Kg4 Kb5 42. Kf5 Kb4 43. Kxe5 c5 44. Kd5 Kb5 45. e5 1-0

[Event "Challenge"]
[Site "http://www.queenalice.com/game.php?id=1479456"]
[Date "2017.5.23"]
[Round "-"]
[White "ANGELOAZZURRO"]
[Black "sigfrido"]
[Result "0-1"]
[WhiteElo "1431"]
[BlackElo "1469"]

1. e4 e5 2. Bc4 c6 3. Qf3 f6 4. Bxg8 Rxg8 5. Nc3 g6 6. d3 Na6 7. Nh3 Nb4 8. Kd2
d6 9. a3 Na6 10. a4 Nb4 11. Re1 Bh6+ 12. Kd1 g5 13. Bd2 g4 14. Qg3 Bxd2 15. Kxd2
d5 16. Ng1 a6 17. h3 Kd7 18. hxg4 h5 19. exd5 Rxg4 20. Qh3 Kd6 21. dxc6 Qe8 22.
cxb7 Bxb7 23. Re4 Bxe4 24. dxe4 Qg6 25. f3 Rxg2+ 26. Nce2 Rb8 27. c3 Nc6 28. f4
Rg8 29. fxe5+ fxe5 30. Qd3+ Kc7 31. Nf3 Qf7 32. Nh4 Rh2 33. Nf3 Rhg2 34. Qxa6
Qxf3 35. Re1 R8g3 36. Kc2 Qxe4+ 37. Kb3 Qd5+ 38. Kc2 Re3 39. Kc1 Rexe2 40. Rxe2
Rg1+ 41. Kc2 Qd1# 0-1

[Event "Challenge"]
[Site "http://www.queenalice.com/game.php?id=1479457"]
[Date "2017.5.23"]
[Round "-"]
[White "ANGELOAZZURRO"]
[Black "sigfrido"]
[Result "1-0"]
[WhiteElo "1414"]
[BlackElo "1428"]

1. e4 e5 2. Nf3 f6 3. Nc3 c6 4. Bc4 b5 5. Bxg8 Rxg8 6. d3 b4 7. Na4 Qa5 8. b3 d5
9. exd5 Qxd5 10. Bb2 e4 11. Nd4 c5 12. Nb5 Na6 13. a3 Bd7 14. c4 Qe5 15. d4 Qb8
16. Nxc5 Bxc5 17. dxc5 Nxc5 18. Nd6+ Ke7 19. Nb5 Rd8 20. Nd4 a5 21. O-O Nd3 22.
Qd2 Nc5 23. axb4 Nd3 24. bxa5 Qa7 25. Ba3+ Nc5 26. Bxc5+ Qxc5 27. b4 Bg4 28.
bxc5 Rac8 29. f3 Bh5 30. fxe4 Bg6 31. a6 Bxe4 32. Qe3 Kd7 33. Qxe4 Rxc5 34. Qxh7
Ra5 35. Rxa5 Re8 36. Qxg7+ Kd6 37. Rxf6+ Re6 38. Rxe6# 1-0

[Event "Challenge"]
[Site "http://www.queenalice.com/game.php?id=1479496"]
[Date "2017.5.23"]
[Round "-"]
[White "Dinda54"]
[Black "sigfrido"]
[Result "1-0"]
[WhiteElo "1636"]
[BlackElo "1473"]

1. e4 e6 2. Nf3 f6 3. Bc4 Nc6 4. b3 a5 5. O-O f5 6. exf5 e5 7. d3 Qf6 8. Bg5
Qxf5 9. Bd2 Qg6 10. d4 d6 11. Nh4 Qe4 12. Nf3 Qg6 13. dxe5 dxe5 14. Bb5 Bd7 15.
Bd3 Bf5 16. Nh4 Qe6 17. Nxf5 e4 18. Re1 Qxf5 19. Bxe4 Qf6 20. Bxc6+ Kf7 21. Bd5+
Kg6 22. Qg4+ Qg5 23. Qxg5# 1-0

[Event "Challenge"]
[Site "http://www.queenalice.com/game.php?id=1479497"]
[Date "2017.5.23"]
[Round "-"]
[White "Dinda54"]
[Black "sigfrido"]
[Result "1-0"]
[WhiteElo "1664"]
[BlackElo "1411"]

1. e4 e6 2. Nc3 c6 3. d3 Qf6 4. Nh3 Bc5 5. Qg4 h6 6. Be3 Bb4 7. e5 Qxe5 8. Qxb4
f6 9. Qg4 Kf7 10. Nf4 g5 11. Qh5+ Kg7 12. Ng6 Qf5 13. Nxh8 Kxh8 14. Ne4 Qa5+ 15.
Bd2 Qd8 16. Be2 Qf8 17. O-O d5 18. Ng3 Na6 19. d4 c5 20. dxc5 Ne7 21. Bd3 Nxc5
22. Be2 b6 23. b4 Na4 24. Rab1 Kh7 25. Bd3+ Kg8 26. b5 Nf5 27. Bb4 Qg7 28. Qe8+
Kh7 29. Rbe1 Qg8 30. Bxf5+ Kh8 31. Qc6 Rb8 32. Bd6 Rb7 33. Bxe6 Qd8 34. Bxc8 Rd7
35. Bxd7 Nc5 36. Re8+ Qxe8 37. Bxe8 Ne6 38. Bg6 Kg7 39. Qe8 Nc7 40. Bxc7 d4 41.
Qf7+ 1-0

[Event "Challenge"]
[Site "http://www.queenalice.com/game.php?id=1479498"]
[Date "2017.5.23"]
[Round "-"]
[White "Rovigo"]
[Black "sigfrido"]
[Result "1-0"]
[WhiteElo "1483"]
[BlackElo "1390"]

1. e4 e6 2. Bc4 f6 3. Nf3 a6 4. d3 b5 5. Bb3 e5 6. Bxg8 Rxg8 7. Nc3 c6 8. h4 Bb4
9. a3 Ba5 10. b4 Bb6 11. a4 h6 12. axb5 d5 13. exd5 c5 14. bxc5 Bxc5 15. O-O a5
16. Be3 Bb4 17. Ne4 a4 18. Bc5 Bc3 19. Ra3 Ba5 20. Nd6+ Kd7 21. Nf7 Qe8 22. Nd6
Qe7 23. d4 Bc7 24. Nxc8 Qd8 25. Na7 Re8 26. Nc6 Nxc6 27. dxc6+ Ke6 28. dxe5 fxe5
29. Qxd8 Rexd8 30. b6 Kd5 31. bxc7 Rdc8 32. Bb6 Ra6 33. Rd1+ Kxc6 34. Rd8 Raa8
35. Nxe5+ Kb7 36. Rf3 Kxb6 37. Rff8 Kb7 38. Nd3 a3 39. Nc1 Kxc7 40. Rxc8+ Rxc8
41. Rxc8+ Kxc8 42. g4 Kb7 43. f4 Kb6 44. g5 h5 45. f5 Kb5 46. f6 gxf6 47. gxf6
Kb4 48. f7 Kc3 49. f8=Q Kxc2 50. Qxa3 Kd2 51. Qb2+ Kd1 52. Nb3 1-0

[Event "Challenge"]
[Site "http://www.queenalice.com/game.php?id=1479499"]
[Date "2017.5.23"]
[Round "-"]
[White "Rovigo"]
[Black "sigfrido"]
[Result "1-0"]
[WhiteElo "1469"]
[BlackElo "1418"]

1. e4 e6 2. Nf3 f6 3. Nc3 c6 4. Bc4 b5 5. Bb3 g5 6. d3 g4 7. Nh4 f5 8. g3 Bb4 9.
a3 d5 10. axb4 d4 11. Ne2 fxe4 12. dxe4 Nf6 13. Nxd4 e5 14. Ndf5 Bxf5 15. exf5
Nbd7 16. Bg5 h6 17. Bxf6 Nxf6 18. Qxd8+ Rxd8 19. Ng6 Rh7 20. Nxe5 Re7 21. f4 Ne4
22. Bf7+ Kf8 23. h3 Nxg3 24. f6 Nxh1 25. Ke2 Ng3+ 26. Kf2 Ne4+ 27. Ke3 Nd6 28.
fxe7+ Kxe7 29. Rxa7+ Kf6 30. Nd7+ Kxf7 31. Ne5+ Ke6 32. hxg4 Nc4+ 33. Nxc4 Rd1
34. f5+ Kf6 35. Nd6 Rxd6 36. Rh7 Kg5 37. Ke4 Kxg4 38. Ke5 Rd5+ 39. Ke4 Rd2 40.
f6 Rd8 41. Rxh6 Kg5 42. Rh3 Re8+ 43. Kd4 Kxf6 44. Rf3+ Ke6 45. Re3+ Kd7 46. Rxe8
1-0

[Event "Challenge"]
[Site "http://www.queenalice.com/game.php?id=1483182"]
[Date "2017.6.21"]
[Round "-"]
[White "fracasso"]
[Black "sigfrido"]
[Result "1-0"]
[WhiteElo "1542"]
[BlackElo "1472"]

1. e4 e6 2. d4 c5 3. Bc4 b6 4. dxc5 d6 5. b4 bxc5 6. bxc5 dxc5 7. Nd2 Ba6 8. Qe2
Bxc4 9. Qxc4 Bd6 10. Ngf3 h6 11. O-O Nf6 12. Qb5+ Kf8 13. e5 a6 14. Qc4 Nd5 15.
Ne4 Nd7 16. Nxd6 f6 17. Ba3 Qc7 18. Ne4 fxe5 19. Nxc5 Kf7 20. Rfe1 Nxc5 21. Bxc5
a5 22. Nxe5+ Kf6 23. Qd4 Kg5 24. Qg4+ Kf6 25. Qg6# 1-0

[Event "Challenge"]
[Site "http://www.queenalice.com/game.php?id=1483183"]
[Date "2017.6.21"]
[Round "-"]
[White "fracasso"]
[Black "sigfrido"]
[Result "1-0"]
[WhiteElo "1548"]
[BlackElo "1447"]

1. e4 e6 2. d4 c5 3. Bc4 b6 4. dxc5 bxc5 5. Nf3 f6 6. O-O a5 7. c3 Nc6 8. a3 Bb7
9. Nfd2 f5 10. exf5 Qf6 11. Ne4 Qe5 12. Bd3 Nce7 13. fxe6 dxe6 14. Bb5+ Nc6 15.
Nbd2 h5 16. f3 h4 17. Nc4 Be7 18. Nxe5 Rd8 19. Qc2 Bf6 20. Bxc6+ Bxc6 21. Nxc6
Rd5 22. Qa4 Kf7 23. Qxa5 Ne7 24. Bf4 Ng6 25. Qa7+ Kg8 26. h3 Kh7 27. Nxf6# 1-0

[Event "Challenge"]
[Site "http://www.queenalice.com/game.php?id=1483184"]
[Date "2017.6.21"]
[Round "-"]
[White "fracasso"]
[Black "sigfrido"]
[Result "1-0"]
[WhiteElo "1515"]
[BlackElo "1441"]

1. e4 e6 2. d4 c5 3. Bc4 b6 4. dxc5 bxc5 5. Ne2 Nc6 6. c3 e5 7. O-O Na5 8. b3
Bb7 9. f3 Nh6 10. f4 Ng4 11. Ng3 d5 12. exd5 Be7 13. Qxg4 g6 14. fxe5 Nxc4 15.
bxc4 h5 16. Qf3 Bh4 17. Qxf7# 1-0

[Event "Challenge"]
[Site "http://www.queenalice.com/game.php?id=1483362"]
[Date "2017.6.22"]
[Round "-"]
[White "Dinda54"]
[Black "sigfrido"]
[Result "1-0"]
[WhiteElo "1707"]
[BlackElo "1459"]

1. e4 e5 2. Bc4 Bc5 3. Qg4 g6 4. Qf3 f6 5. Qb3 a5 6. Bxg8 Qe7 7. Bd5 c6 8. Bc4
d6 9. Nf3 Bg4 10. Nh4 Qd7 11. d3 g5 12. Nf5 Bxf5 13. O-O a4 14. Qc3 h5 15. exf5
Qxf5 16. Be3 Nd7 17. Nd2 O-O-O 18. Qa5 Nb6 19. Bxc5 Nxc4 20. Nxc4 dxc5 21. Nb6+
Kc7 22. Nd5+ Kd7 23. Qc7+ Ke8 24. Qxb7 Rf8 25. Ne3 Qc8 26. Qh7 1-0

[Event "Challenge"]
[Site "http://www.queenalice.com/game.php?id=1483363"]
[Date "2017.6.22"]
[Round "-"]
[White "Dinda54"]
[Black "sigfrido"]
[Result "1-0"]
[WhiteElo "1713"]
[BlackElo "1453"]

1. Nc3 c6 2. Nf3 b6 3. e4 b5 4. Be2 f6 5. O-O a5 6. a4 g5 7. Nd4 Bg7 8. Bd3 f5
9. Nxf5 Kf7 10. Qh5+ Kf8 11. Qxg5 d6 12. Qxg7+ Ke8 13. Qxh8 Kd7 14. e5 Kc7 15.
exd6+ exd6 16. Qg7+ Kb6 17. Qd4+ c5 18. Qg7 b4 19. Nd5+ Kc6 20. Qf7 Nd7 21. Bb5+
Kb7 22. Nxd6+ Kb8 23. Nxc8 Kxc8 24. Qf5 Kb8 25. Bxd7 h6 26. Re1 1-0

[Event "XENOFÓBICO II"]
[Site "http://www.queenalice.com/game.php?id=1491577"]
[Date "2017.8.25"]
[Round "-"]
[White "rogeriocastro"]
[Black "sigfrido"]
[Result "1-0"]
[WhiteElo "1397"]
[BlackElo "1285"]

1. e4 e5 2. Nf3 d6 3. Nc3 Nf6 4. Bb5+ Bd7 5. Bxd7+ Qxd7 6. O-O h6 7. d3 c6 8.
Be3 Ng4 9. h3 Nxe3 10. fxe3 d5 11. exd5 cxd5 12. e4 1-0

[Event "JEIZA"]
[Site "http://www.queenalice.com/game.php?id=1492151"]
[Date "2017.8.29"]
[Round "-"]
[White "rogeriocastro"]
[Black "sigfrido"]
[Result "1-0"]
[WhiteElo "1385"]
[BlackElo "1297"]

1. e4 e5 2. Nf3 Nf6 3. Nc3 d6 4. Bb5+ c6 5. Be2 a5 6. O-O h6 7. d3 b5 8. Nb1 Be7
9. Be3 Ng4 10. h3 Nxe3 11. fxe3 1-0

[Event "Challenge"]
[Site "http://www.queenalice.com/game.php?id=1539061"]
[Date "2018.8.16"]
[Round "-"]
[White "Rovigo"]
[Black "sigfrido"]
[Result "1-0"]
[WhiteElo "1518"]
[BlackElo "1267"]

1. e4 e6 2. Bc4 c6 3. Nf3 f6 4. Nc3 b5 5. Bd3 b4 6. Na4 Qa5 7. b3 c5 8. e5 h5 9.
Bg6+ Kd8 10. exf6 gxf6 11. Bb2 Nc6 12. Be4 1-0

[Event "Challenge"]
[Site "http://www.queenalice.com/game.php?id=1539062"]
[Date "2018.8.16"]
[Round "-"]
[White "Rovigo"]
[Black "sigfrido"]
[Result "1-0"]
[WhiteElo "1512"]
[BlackElo "1273"]

1. e4 e6 2. Nf3 f6 3. Nc3 c6 4. Bc4 b5 5. Bb3 Bb4 6. a3 Bxc3 7. bxc3 Na6 8. a4
b4 9. cxb4 Bb7 10. d3 Qb6 11. Be3 Qxb4+ 12. Bd2 1-0